One being one/ (Record no. 55518)
[ view plain ]
| 000 -LEADER | |
|---|---|
| fixed length control field | 00694nam a22002297a 4500 |
| 005 - DATE AND TIME OF LATEST TRANSACTION | |
| control field | 20241021122833.0 |
| 008 - FIXED-LENGTH DATA ELEMENTS--GENERAL INFORMATION | |
| fixed length control field | 110816t xxu||||| |||| 00| 0 eng d |
| 010 ## - LCCN (DPL NO) | |
| LC control number | ENG-103508 ENG-142197 |
| 020 ## - INTERNATIONAL STANDARD BOOK NUMBER | |
| International Standard Book Number | 9789380077093 |
| Terms of availability | 75.00 |
| 020 ## - INTERNATIONAL STANDARD BOOK NUMBER | |
| International Standard Book Number | 9788196796211 |
| 035 ## - SYSTEM CONTROL NUMBER | |
| System control number | EN-87041 |
| 035 ## - SYSTEM CONTROL NUMBER | |
| System control number | EN-125729 |
| 037 ## - SOURCE OF ACQUISITION | |
| Source of stock number/acquisition | DBAD |
| 040 ## - CATALOGING SOURCE | |
| Original cataloging agency | DPL |
| 082 ## - DEWEY DECIMAL CLASSIFICATION NUMBER | |
| Classification number | 215 |
| 100 ## - MAIN ENTRY--PERSONAL NAME | |
| 9 (RLIN) | 32849 |
| Personal name | Davidson, John |
| 245 ## - TITLE STATEMENT | |
| Title | One being one/ |
| Statement of responsibility, etc | by John Davidson |
| 260 ## - PUBLICATION, DISTRIBUTION, ETC. (IMPRINT) | |
| Place of publication, distribution, etc | New Delhi |
| Name of publisher, distributor, etc | Science of the Soul Research Centre |
| Date of publication, distribution, etc | 2010 |
| 270 ## - ADDRESS | |
| Address | c/o Radha Soami Satsang Beas,5 Guru Ravi Dass Marg,Pusa Road |
| City | New Delhi |
| Postal code | 110005 |
| 300 ## - PHYSICAL DESCRIPTION | |
| Extent | 191p. |
| Dimensions | 22cm(Hb) |
| 942 ## - ADDED ENTRY ELEMENTS (KOHA) | |
| Source of classification or shelving scheme | Dewey Decimal Classification |
| Item type | English Books |
| Call number suffix | DAV |
| Classification part | 215 |
| Withdrawn status | Lost status | Source of classification or shelving scheme | Damaged status | Not for loan | Collection code | Home library | Current library | Date acquired | Source of acquisition | Cost, normal purchase price | Total Checkouts | Full call number | Barcode | Date last seen | Copy number | Cost, replacement price | Koha item type |
|---|---|---|---|---|---|---|---|---|---|---|---|---|---|---|---|---|---|
| Dewey Decimal Classification | Non-fiction | Bawana | Bawana | 21/10/2024 | Delivery of Books Act Division | 75.00 | DAV 215 | EN-125729 | 21/10/2024 | 1 | 75.00 | English Books | |||||
| Dewey Decimal Classification | Not For Loan | Non-fiction | D.B.Act.Division | D.B.Act.Division | 17/08/2011 | DBAD / PUB | 75.00 | 215 DAV | EN-87041 | 17/08/2011 | 1 | 75.00 | English Books |
